000 00361nam a2200145Ia 4500
003 OSt
005 20240118095811.0
008 170524s9999 xx 000 0 und d
020 _a9788120336476
040 _cIIMT UNIVERSITY
100 _aDESHPANDE- M. V.
245 0 _aELEMENTS OF ELECTRICAL POWER STATION DESIGN
260 _bNew Delhi: PHI
942 _2ddc
_c02
999 _c7689
_d7689